000 00703nam a22002417a 4500
003 UA-OsUOA
001 60489
007 ta
008 20090521b un ||||| |||| 00| 0 ukr d
090 _a061.12(091)(477)
_bИ90
942 _cBK
040 _aUA-OsUOA
_bukr
_cUA-OsUOA
_dUA-OsUOA
245 _aІсторія Національної Академії Наук України (1941-1945)
_bДодатки
_cВідп. ред. О.С.Онищенко
300 _a576 с.
955 _a1
041 _aukr
080 _a061.12(091)(477)
020 _a978-966-02-4256-5
260 _aК.
_bНБУВ
_c2007
246 3 1 _a2
_n
650 7 _a0 Загальний відділ.
_2UDC
999 _c346486
_d346486